Eastern Utah Libraries Catalog: Duchesne, Heber, Roosevelt, & Vernal

No sleep for the sheep! / (Record no. 85673)

MARC details
000 -LEADER
fixed length control field 01236cam a2200337 a 4500
001 - CONTROL NUMBER
control field BK0008182885
003 - CONTROL NUMBER IDENTIFIER
control field DLC
005 - DATE AND TIME OF LATEST TRANSACTION
control field 20241220132704.0
008 - FIXED-LENGTH DATA ELEMENTS--GENERAL INFORMATION
fixed length control field 090309s2011 maua a 000 1 eng
010 ## - LIBRARY OF CONGRESS CONTROL NUMBER
LC control number 2009007978
020 ## - INTERNATIONAL STANDARD BOOK NUMBER
International Standard Book Number 9780152049690 : SAL
Terms of availability $16.99
020 ## - INTERNATIONAL STANDARD BOOK NUMBER
International Standard Book Number 015204969X : SAL
Terms of availability $16.99
037 ## - SOURCE OF ACQUISITION
Source of stock number/acquisition Houghton Mifflin Harcourt, 6277 Sea Harbor Dr 5th Fl, Orlando, FL, USA, 32887
Note SAN 215-3793
040 ## - CATALOGING SOURCE
Original cataloging agency DLC
Transcribing agency DLC
Modifying agency DLC
050 00 - LIBRARY OF CONGRESS CALL NUMBER
Classification number PZ8.3.B3845
Item number No 2011
082 00 - DEWEY DECIMAL CLASSIFICATION NUMBER
Classification number [E]
Edition number 22
092 ## - LOCALLY ASSIGNED DEWEY CALL NUMBER (OCLC)
Classification number E
092 ## - LOCALLY ASSIGNED DEWEY CALL NUMBER (OCLC)
Classification number BEAUMONT
100 1# - MAIN ENTRY--PERSONAL NAME
Personal name Beaumont, Karen.
9 (RLIN) 44093
245 10 - TITLE STATEMENT
Title No sleep for the sheep! /
Statement of responsibility, etc written by Karen Beaumont ; illustrated by Jackie Urbanovic.
260 ## - PUBLICATION, DISTRIBUTION, ETC. (IMPRINT)
Place of publication, distribution, etc Boston :
Name of publisher, distributor, etc Houghton Children Books,
Date of publication, distribution, etc 2011.
300 ## - PHYSICAL DESCRIPTION
Extent 32
Other physical details col. ill. ;
Dimensions 25 x 29 cm.
520 ## - SUMMARY, ETC.
Summary, etc A sheep wants nothing but to go to sleep in the big red barn on the farm, but each time he closes his eyes, another animal moos or neighs or peeps to come in.
650 #1 - SUBJECT ADDED ENTRY--TOPICAL TERM
Topical term or geographic name as entry element Stories in rhyme.
9 (RLIN) 6238283
650 #1 - SUBJECT ADDED ENTRY--TOPICAL TERM
Topical term or geographic name as entry element Sleep
Form subdivision Fiction.
9 (RLIN) 5674960
650 #1 - SUBJECT ADDED ENTRY--TOPICAL TERM
Topical term or geographic name as entry element Domestic animals
Form subdivision Fiction.
9 (RLIN) 5674957
650 #1 - SUBJECT ADDED ENTRY--TOPICAL TERM
Topical term or geographic name as entry element Animal sounds
Form subdivision Fiction.
9 (RLIN) 5685511
700 1# - ADDED ENTRY--PERSONAL NAME
Personal name Urbanovic, Jackie,
Relator term ill.
9 (RLIN) 18164
942 ## - ADDED ENTRY ELEMENTS (KOHA)
Koha item type BOOK
998 ## - LOCAL CONTROL INFORMATION (RLIN)
-- a153324
Holdings
Withdrawn status Lost status Source of classification or shelving scheme Damaged status Not for loan Collection code Home library Current library Shelving location Date acquired Source of acquisition Total Checkouts Full call number Barcode Date last seen Cost, replacement price Price effective from Koha item type
    Dewey Decimal Classification   Not For Loan Children Reference Professional Use Wasatch County Library Wasatch County Library Work Area 01/20/2022 Amazon   E Beaumont 34301001889965 11/19/2025 16.99 01/20/2022 Reference book
This project was made possible through a grant from the Institute of Museum and Library Service administered by the Utah State Library Division.

Wasatch County Library

  • 465 East 1200 South, Heber City, Utah 84032
  • Phone 435-654-1511 | Fax 435-654-6456

Hours

  • Monday - Friday 9:30 AM - 8:00 PM
  • Saturday 9:30 AM - 1:30 PM
  • Closed Sundays and Holidays